Better public building (Record no. 106250)

MARC details
000 -LEADER
fixed length control field 01438cam a2200241 4500
001 - CONTROL NUMBER
control field ##L135929
008 - FIXED-LENGTH DATA ELEMENTS--GENERAL INFORMATION
fixed length control field 061218n2006 000 0 eng u
035 ## - SYSTEM CONTROL NUMBER
System control number (Sirsi) u135929
041 0# - LANGUAGE CODE
Language code of text/sound track or separate title eng
050 04 - LIBRARY OF CONGRESS CALL NUMBER
Classification number 721 $2 21
110 2# - MAIN ENTRY--CORPORATE NAME
Corporate name or jurisdiction name as entry element Commission for Architecture and the Built Environment
9 (RLIN) 4058
245 00 - TITLE STATEMENT
Title Better public building
260 ## - PUBLICATION, DISTRIBUTION, ETC.
Place of publication, distribution, etc. London
Name of publisher, distributor, etc. CABE
Place of publication, distribution, etc. London
Name of publisher, distributor, etc. DCMS
Date of publication, distribution, etc. 2006
505 1# - FORMATTED CONTENTS NOTE
Formatted contents note Why good design matters -- The barriers to good design -- Leadership and recognition -- How design makes places work -- The evidence base for good design -- Delivering design quality -- What makes a good client?
520 ## - SUMMARY, ETC.
Summary, etc. Offers practical advice for achieving high quality design in new public buildings whilst ensuring they are value for money, sustainable and a source of civic pride. Provides evidence that good design makes places work better, and outlines how public bodies can ensure users of public services benefit from good design. Includes case studies.
520 ## - SUMMARY, ETC.
Summary, etc. Supersedes "Better public buildings: a proud legacy for the future" (2000).
590 ## - LOCAL NOTE (RLIN)
Local note KA
651 #4 - SUBJECT ADDED ENTRY--GEOGRAPHIC NAME
Geographic name United Kingdom
Chronological subdivision
690 ## - LOCAL SUBJECT ADDED ENTRY--TOPICAL TERM (OCLC, RLIN)
Topical term or geographic name as entry element BUILT ENVIRONMENT-CONSTRUCTION DESIGN
710 1# - ADDED ENTRY--CORPORATE NAME
Corporate name or jurisdiction name as entry element United Kingdom
Subordinate unit Department for Culture, Media and Sport
856 40 - ELECTRONIC LOCATION AND ACCESS
Uniform Resource Identifier <a href="https://webarchive.nationalarchives.gov.uk/20100113232942/http://cabe.org.uk/files/better-public-building.pdf">https://webarchive.nationalarchives.gov.uk/20100113232942/http://cabe.org.uk/files/better-public-building.pdf</a>
Public note View the report free of charge at www.nationalarchives.gov.uk.
942 ## - ADDED ENTRY ELEMENTS (KOHA)
Suppress in OPAC 0
Holdings
Withdrawn status Lost status Source of classification or shelving scheme Damaged status Not for loan Home library Current library Shelving location Date acquired Total Checkouts Full call number Barcode Date last seen Copy number Price effective from Koha item type
    Dewey Decimal Classification     Virtual Virtual Online 18/12/2006   ONLINE PUBLICATION 135929-2001 06/08/2019 1 06/08/2019 Book